Normal view
MARC view
- Dawes, Chester L
Entry Personal Name
001 - CONTROL NUMBER
- control field: 41124
003 - CONTROL NUMBER IDENTIFIER
- control field: NUST
005 - DATE AND TIME OF LATEST TRANSACTION
- control field: 20210314131956.0
008 - FIXED-LENGTH DATA ELEMENTS
- fixed length control field: 210314|| aca||aabn | a|a d
040 ## - CATALOGING SOURCE
- Original cataloging agency: NUST
- Transcribing agency: NUST
100 ## - HEADING--PERSONAL NAME
- Personal name: Dawes, Chester L
670 ## - SOURCE DATA FOUND
- Source citation: Work cat.: (NUST): Dawes, Chester L., A course in electrical engineering ..., 1947-52 [v. 1, 1952]
